Liberalizácia svetových investičných tokov
Toky priamych zahraničných investícií. Najväčším investorom sú krajiny OECD. Prehľad investorských krajín. Liberalizácia investičných tokov. Súčasný medzinárodný legislatívny systém regulácie priamych zahraničných investícií. OECD - právne nástroje regulácie investícií. Medzinárodná dohoda o investí...
Saved in:
| Main Author: | |
|---|---|
| Format: | Book Chapter |
| Language: | Slovak |
| Subjects: | |
| Tags: |
No Tags, Be the first to tag this record!
|
MARC
| LEADER | 00000naa a2200000 4500 | ||
|---|---|---|---|
| 001 | r026123 | ||
| 005 | 20230918075031.3 | ||
| 041 | 0 | |a slo | |
| 044 | |a SK | ||
| 245 | 1 | 0 | |a Liberalizácia svetových investičných tokov |c J. Šesták |
| 520 | |a Toky priamych zahraničných investícií. Najväčším investorom sú krajiny OECD. Prehľad investorských krajín. Liberalizácia investičných tokov. Súčasný medzinárodný legislatívny systém regulácie priamych zahraničných investícií. OECD - právne nástroje regulácie investícií. Medzinárodná dohoda o investíciách. Multilaterálna investičná dohoda. Regionálne organizácie a liberalizácia investícií. | ||
| 610 | 2 | 0 | |a investície priame zahraničné |
| 610 | 2 | 0 | |a liberalizácia |
| 610 | 2 | 0 | |a OECD |
| 610 | 2 | 0 | |a Európska únia |
| 610 | 2 | 0 | |a Všeobecná dohoda o clách a obchode |
| 610 | 2 | 0 | |a Všeobecná dohoda o clách a obchode |
| 610 | 2 | 0 | |a GATS |
| 610 | 2 | 0 | |a legislatíva |
| 610 | 2 | 0 | |a dohody medzinárodné |
| 100 | 1 | |a Šesták, J. | |